The Dacca law reports : table of the cases. Volume VI.

ग्रंथसूची विवरण
स्वरूप: पुस्तक
भाषा:English
प्रकाशित: Dacca [Bangladesh] : Dacca Law Reports, 1954.
विषय:
Classic Catalogue: View this record in Classic Catalogue
LEADER 01626nam a2200313 a 4500
001 0020896
003 BD-DhAAL
008 100927s1954 bg w 000 0 eng d
040 |a BD-DhAAL  |c BD-DhAAL 
082 0 0 |a 348.5492046  |2 22 
130 0 |a DLR  |9 3980 
245 0 4 |a The Dacca law reports :  |b table of the cases.  |n Volume VI. 
246 1 7 |a The Dhaka Law Reports. 
260 |a Dacca [Bangladesh] :  |b Dacca Law Reports,  |c 1954. 
300 |a iv, 656, 229 p. :  |c 25 cm 
362 0 |a Vol. 6 (1954) 
500 |a "A journal of law reports." 
500 |a Latest issue consulted: Vol.VI,January to December,1954 
526 |a SOL  |x Saira Rahman Khan, Associate Professor School of Law BRAC University 
541 |e 0020896, 0022284  |a Anupam Gyan Bhandar  
590 |a Published yearly. 
650 0 |a Law reports, digests, etc.  |z Bangladesh.  |9 3981 
650 0 |a Law reports, digests, etc.  |z India  |z Bengal.  |9 3982 
852 4 |a Ayesha Abed Library 
942 |2 ddc  |c 1HOUR 
999 |c 10648  |d 10648 
952 |0 0  |1 0  |2 ddc  |4 0  |6 348_549204600000000_DAC  |7 0  |8 REF  |9 16015  |a BRACUL  |b BRACUL  |c REF  |d 2011-04-07  |l 5  |o 348.5492046 DAC  |p 3010022284  |r 2019-03-27  |s 2019-03-27  |t 2  |w 2011-04-07  |y 1HOUR 
952 |0 0  |1 0  |2 ddc  |4 0  |6 348_549204600000000_DAC  |7 0  |8 REF  |9 23964  |a BRACUL  |b BRACUL  |c REF  |d 2014-03-18  |e Anupam Gyan Bhandar  |l 0  |o 348.5492046 DAC  |p 3010020896  |r 2014-03-18  |t 1  |w 2014-03-18  |y 1HOUR  |x Requisitioned by Saira Rahman Khan, Associate Professor, School of Law, BRAC University. 
952 |0 0  |1 0  |2 ddc  |4 0  |6 348_549200000000000_046_DAC  |7 0  |8 REF  |9 54154  |a BRACUL  |b BRACUL  |c REF  |d 2015-06-08  |g 994.00  |l 7  |o 348.5492046 DAC  |p 3010029129  |r 2020-03-10  |s 2020-03-10  |t 3  |w 2015-06-08  |y 1HOUR